000 00665nam a22001817a 4500
999 _c15763
_d15763
003 AR-CdUCM
008 190429b ||||| |||| 00| 0 spa d
040 _aMUNICIPALIDAD PROVINCIAL DEL CUSCO
_cBIBLIOTECA MUNICIPAL DEL CUSCO
082 _aC / 082 /
_bEFL
100 _aRubio, Ana Maria
_934964
245 _aEnciclopedia de formación loboral :
_bmanualidades femeninas /
260 _aMadrid :
_bAltea,
_c1977.
300 _a92 páginas ;
_c21 cm.
505 _ajarrón decorado -- diversos collares de fruto -- con barras de lacre -- con papeles de colores -- Estuche para el dedal ...
650 _aManualidades
_915530
942 _2ddc
_cLIBROS
945 _awfj